| 000 | 00845nam a22002777a 4500 | ||
|---|---|---|---|
| 003 | CHAP | ||
| 005 | 20220329135037.0 | ||
| 008 | 971013s1964 r 00010 d | ||
| 010 | _a30031 | ||
| 011 | _a31003 | ||
| 035 | _a35115 | ||
| 040 | _cCHAP | ||
| 082 |
_a337.6 _bN32e |
||
| 100 | 0 | 0 |
_aNaciones Unidas. Consejo Económico y Social. _980013 |
| 245 | _aEstudio sobre los productos básicos | ||
| 260 |
_aWashington : _bInstituto de Desarrollo Económico, _c1964 |
||
| 300 | _a75 p. | ||
| 590 |
_aBATCH-UPD _b10 _c20130110 _lUCH01 _h1756 |
||
| 590 |
_aBATCH-UPD _b10 _c20130410 _lUCH01 _h1133 |
||
| 590 |
_aBATCH-UPD _b10 _c20130914 _lUCH01 _h1804 |
||
| 590 |
_aCONVERSION _b10 _c20130109 _lUCH01 _h1317 |
||
| 650 | 1 | 4 |
_aMaterias primas. _972962 |
| 901 | _aBK | ||
| 942 | _cLIBRO | ||
| 949 |
_a337.6 N32e _bBC _cLIBRO _d-81198 _eLIBRO _i35115 _mD _si |
||
| 999 |
_c30031 _d30031 |
||